|
|
|
|
| LEADER |
01182nam a2200301 a 4500 |
| 001 |
133 |
| 003 |
BD-DhAAL |
| 005 |
20150418112826.0 |
| 008 |
150418s1993 caua b 001 0 eng |
| 010 |
|
|
|a 92016054
|
| 020 |
|
|
|a 0534194400 (acidfree paper) :
|c $20.00
|
| 040 |
|
|
|a DLC
|c DLC
|d DLC
|d BD-DhAAL
|
| 050 |
0 |
0 |
|a HV10.5
|b .C67 1992
|
| 082 |
0 |
0 |
|a 361.3/2/02373
|2 20
|
| 100 |
1 |
|
|a Corey, Marianne Schneider,
|d 1942-
|9 10496
|
| 245 |
1 |
0 |
|a Becoming a helper /
|c Marianne Schneider Corey, Gerald Corey.
|
| 250 |
|
|
|a 2nd ed.
|
| 260 |
|
|
|a Pacific Grove, Calif. :
|b Brooks/Cole Pub. Co.,
|c c1993.
|
| 300 |
|
|
|a xviii, 376 p. :
|b ill. ;
|c 24 cm.
|
| 500 |
|
|
|a "A Clairemont book"--T.p. verso.
|
| 504 |
|
|
|a Includes bibliographical references (p. 342-357) and indexes.
|
| 541 |
|
|
|e 133
|
| 650 |
|
0 |
|a Human services
|x Vocational guidance
|z United States.
|9 10497
|
| 650 |
|
0 |
|a Social service
|x Vocational guidance
|z United States.
|9 10498
|
| 700 |
1 |
|
|a Corey, Gerald.
|9 10499
|
| 942 |
|
|
|2 ddc
|c BK
|
| 999 |
|
|
|c 34257
|d 34257
|
| 952 |
|
|
|0 0
|1 0
|2 ddc
|4 0
|6 361_320237300000000_COR
|7 0
|9 53511
|a SCL
|b SCL
|c GEN
|d 2015-04-19
|e Gift: The Asia Foundation
|l 0
|o 361.3202373 COR
|p 3020000193
|r 2015-04-19
|t 1
|w 2015-04-19
|y BK
|